000 00254nam a2200109Ia 4500
008 220204s9999 xx 000 0 und d
082 _a159.9
_bMON
100 _aMontaigne, M E
245 0 _aEssays
260 _aChicago
_bWilliam Benton
_c1952
942 _cBK
999 _c36152
_d36152